[Event "Warsaw Szansa op"]
[Site "Warsaw"]
[Date "2022.09.18"]
[Round "8"]
[White "Omar, Ahmed"]
[Black "Derylo, Kamil"]
[Result "0-1"]
[WhiteElo "2064"]
[BlackElo "2143"]
[PlyCount "90"]
[EventDate "2022.09.17"]
[EventType "swiss (rapid)"]
[EventRounds "11"]
[EventCountry "POL"]
[SourceTitle "EXT 2023"]
[Source "ChessBase"]
[SourceDate "2022.10.05"]
[SourceVersion "1"]
[SourceVersionDate "2022.10.05"]
[SourceQuality "1"]

1. b3 d5 2. e3 Bf5 3. Bb2 e6 4. f4 Nf6 5. Nf3 Nbd7 6. h3 Bd6 7. g4 Be4 8. Bg2 e5 9. d3 Bxf3 10. Qxf3 e4 11. Qf2 Qe7 12. Nc3 exd3 13. cxd3 d4 14. Nb5 dxe3 15. Nxd6+ cxd6 16. Qf3 Nc5 17. 0-0-0 0-0 18. g5 Nfd7 19. Rhe1 Rfe8 20. Kb1 a5 21. Bd4 a4 22. Rxe3 Qd8 23. b4 Ne6 24. Ba1 Qb6 25. a3 d5 26. Rde1 Red8 27. Qe2 Nxf4 28. Qb2 d4 29. Rf3 Ne6 30. h4 Rac8 31. Bh3 Ndf8 32. Qf2 Rc7 33. Re4 Rdc8 34. Bb2 Rc2 35. Qxc2 Rxc2 36. Kxc2 Qc6+ 37. Kb1 Qd5 38. Rf5 Qb3 39. Bf1 Qd1+ 40. Ka2 Ng6 41. Be2 Qb3+ 42. Kb1 Ne7 43. Rb5 Nd5 44. Ka1 Nc3 45. Bxc3 dxc3 0-1